ជំម្ងឺរលាកដោះសត្វគោ, (Record no. 1553)

000 -LEADER
fixed length control field 00455nam a22001577a 4500
003 - CONTROL NUMBER IDENTIFIER
control field OSt
005 - DATE AND TIME OF LATEST TRANSACTION
control field 20151001092910.0
008 - FIXED-LENGTH DATA ELEMENTS--GENERAL INFORMATION
fixed length control field 151001b xxu||||| |||| 00| 0 eng d
040 ## - CATALOGING SOURCE
Transcribing agency RUA
082 ## - DEWEY DECIMAL CLASSIFICATION NUMBER
Classification number AVM អ្នក 1993 B067 Or.1
100 ## - MAIN ENTRY--PERSONAL NAME
9 (RLIN) 1645
Personal name អ្នក សុខគន្ធា
245 ## - TITLE STATEMENT
Title ជំម្ងឺរលាកដោះសត្វគោ,
260 ## - PUBLICATION, DISTRIBUTION, ETC. (IMPRINT)
Place of publication, distribution, etc. phnom penh
Name of publisher, distributor, etc. RUA
Date of publication, distribution, etc. 1993
300 ## - PHYSICAL DESCRIPTION
Extent 72p.
Other physical details ill.
Dimensions 29cm.
942 ## - ADDED ENTRY ELEMENTS (KOHA)
Source of classification or shelving scheme
Koha item type AVM
Holdings
Price effective from Date last seen Permanent Location Not for loan Date acquired Date last checked out Source of classification or shelving scheme Koha item type Total Checkouts Barcode Lost status Damaged status Withdrawn status Current Location Full call number
2015-10-012016-05-26Library Block B 2015-10-012016-05-05 AVM1RUA004844   Library Block BAVM អ្នក 1993 B067 Or.1
2015-10-012015-10-01Library Block B 2015-10-01  AVM RUA008160   Library Block BAVM អ្នក 1993 B067 Or.2
2015-10-012016-05-17Library Block B 2015-10-012016-04-27 AVM1RUA007573   Library Block BAVM អ្នក 1993 B067 Or.3
2015-10-012015-10-01Library Block B 2015-10-01  AVM RUA007219   Library Block BAVM អ្នក 1993 B067 Or.4
2015-10-012015-10-01Library Block B 2015-10-01  AVM RUA008321   Library Block BAVM អ្នក 1993 B067 Or.5
2015-10-012015-10-01Library Block B 2015-10-01  AVM RUA007346   Library Block BAVM អ្នក 1993 B067 Or.6
មជ្ឈមណ្ឌលឯការនៃសាកលវិទ្យាល័យភូមិន្ទកសិកម្មចំការដូង

Powered by Koha